| 000 | 00476nam a2200181 a 4500 | ||
|---|---|---|---|
| 001 | 3943 | ||
| 005 | 20140414173342.0 | ||
| 008 | 040131s19uu xx 00 eng d | ||
| 020 | _a0-307-10221-1 | ||
| 050 |
_aM 242 _bW55 1994 |
||
| 100 | _aWilkin, Ester | ||
| 245 |
_aPrayers from around the world / _cEster Wilkin. |
||
| 260 |
_aNew York : _bGolden, _c1994. |
||
| 300 | _a44 p. : ill. ; cm. | ||
| 650 |
_aPrayers _xJuvenile literature. |
||
| 942 | _cBK | ||
| 999 |
_c115458 _d115458 |
||